English vocabulary in use : Elementary with answers

60 units of vocabulary reference and practice.

محفوظ في:
التفاصيل البيبلوغرافية
المؤلف الرئيسي: McCarthy, Michael
التنسيق: كتاب
اللغة:Undetermined
منشور في: Cambridge Cambridge University Press 2012
الموضوعات:
الوسوم: إضافة وسم
لا توجد وسوم, كن أول من يضع وسما على هذه التسجيلة!
Thư viện lưu trữ: Trung tâm Học liệu Trường Đại học Cần Thơ
LEADER 00756nam a2200229Ia 4500
001 CTU_197462
008 210402s9999 xx 000 0 und d
020 |c 70000 
082 |a 428.24 
082 |b M123 
100 |a McCarthy, Michael 
245 0 |a English vocabulary in use : 
245 0 |b Elementary with answers 
245 0 |c Michael McCarthy, Felicity O'Dell 
260 |a Cambridge 
260 |b Cambridge University Press 
260 |c 2012 
520 |a 60 units of vocabulary reference and practice. 
650 |a English language,Vocabulary,Tiếng Anh 
650 |x Textbooks for foreign speakers,Giáo trình dành cho người nước ngoài 
910 |a Hải 
980 |a Trung tâm Học liệu Trường Đại học Cần Thơ